France Euro 2012 Squad - Statistics

General Stats
  • This quiz has been taken 1,148 times
    853 since last reset
  • The average score is 14 of 23
Answer Stats
Club Position Answer % Correct
Lyon GK Hugo Lloris
95%
Real Madrid ST Karim Benzema
95%
Bayern Munich MD Franck Ribery
88%
Marseille GK Steve Mandanda
86%
Manchester United DF Patrice Evra
84%
Montpellier ST Olivier Giroud
80%
Manchester City MD Samir Nasri
78%
Arsenal DF Laurent Koscielny
75%
Manchester City DF Gael Clichy
73%
Milan DF Philippe Mexes
68%
Newcastle MD Yohan Cabaye
67%
Marseille MD Mathieu Valbuena
63%
Paris Saint-Germain MD Blaise Matuidi
62%
Valencia DF Adil Rami
59%
Chelsea MD Florent Malouda
53%
Newcastle MD Hatem Ben Arfa
49%
Paris Saint-Germain ST Jeremy Menez
49%
Lille DF Mathieu Debuchy
48%
Bordeaux GK Cedric Carrasso
36%
Sochaux MD Marvin Martin
30%
Marseille MD Alou Diarra
28%
Lyon DF Anthony Reveillere
28%
Rennes MD Yann M'Vila
26%
No matching quizzes found
Score Distribution
Percent of People with Each Score
Percentile by Number Answered
Your Score History
You have not taken this quiz since the last reset